000
00451nam a2200181Ia 4500
008
100917s9999 xx 000 0 und d
082
_b
9258
100
_a
गोगटे शकुंतला
245
_a
सार्थक
260
_b
---
_c
1970
300
_a
120
365
_b
5
520
_a
कादंबरी
630
_a
सार्थक
650
_a
कादंबरी
730
_a
सार्थक
942
_c
BOOK
999
_c
614652
_d
614649